| 000 | 01209 a2200253 4500 | ||
|---|---|---|---|
| 003 | Nust | ||
| 005 | 20230127115744.0 | ||
| 010 | _a 89005728 | ||
| 020 | _a0471863890 | ||
| 040 | _cNust | ||
| 082 | 0 | 0 | _a803.6,SEB |
| 100 | 1 |
_aSeborg, Dale E. _986227 |
|
| 245 | 1 | 0 |
_aProcess dynamics and control / _cDale E. Seborg, Thomas F. Edgar, Duncan A. Mellichamp. |
| 260 |
_aNew York : _bWiley, _cc1989. |
||
| 300 |
_axvi, 717 p. : _bill. ; _c26 cm. |
||
| 440 | 0 |
_aWiley series in chemical engineering _9107869 |
|
| 505 | _aPart.1: Introductory Concepts (Page-3), Part.2: Transient Behavior of Processes (Page-43), Part.3: Feedback Control (Page-183), Part.4: Frequency Response Methods (Page-313), Part.5: Advanced Control Techniques (Page-387), Part.6: Digital Control Techniques (Page-501), Part.7: Process Control Strategies (Page-673). | ||
| 650 | 0 |
_aChemical process control _xData processing. _9107870 |
|
| 700 | 1 |
_aEdgar, Thomas F. _9107871 |
|
| 700 | 1 |
_aMellichamp, Duncan A. _9107872 |
|
| 856 | 4 | 2 |
_3Publisher description _uhttp://www.loc.gov/catdir/description/wiley031/89005728.html |
| 856 | 4 | 2 |
_3Table of Contents _uhttp://www.loc.gov/catdir/toc/onix01/89005728.html |
| 942 |
_2ddc _cBK _k803.6,SEB |
||
| 999 |
_c186001 _d186001 |
||